[Event "AUTO-OPEN-774"]
[Site "http://www.queenalice.com/game.php?id=251587"]
[Date "2007.8.6"]
[Round "1"]
[White "Gerd"]
[Black "PaulieSchultz"]
[Result "1-0"]
[WhiteElo "1816"]
[BlackElo "1421"]

1. d4 d6 2. h3 Nf6 3. Nc3 Bf5 4. e3 Nbd7 5. Bd3 Bxd3 6. Qxd3 g6 7. Nge2 Bg7 8.
Bd2 O-O 9. e4 c5 10. f4 cxd4 11. Qxd4 Rc8 12. Qxa7 b5 13. b4 Nxe4 14. Qe3 Rc4
15. a3 1-0

[Event "AUTO-OPEN-774"]
[Site "http://www.queenalice.com/game.php?id=251588"]
[Date "2007.8.6"]
[Round "1"]
[White "PaulieSchultz"]
[Black "Gerd"]
[Result "0-1"]
[WhiteElo "1421"]
[BlackElo "1818"]

1. f4 d5 2. Nf3 Nf6 3. e3 c6 4. b3 Bf5 5. d3 e6 6. Nbd2 Bc5 7. Nd4 Bxd4 8. exd4
b5 9. Be2 Nbd7 10. O-O Qb6 11. Nf3 Bg4 12. Bb2 a5 13. Ne5 Bxe2 14. Qxe2 c5 15.
Rf3 cxd4 0-1

[Event "AUTO-OPEN-774"]
[Site "http://www.queenalice.com/game.php?id=251613"]
[Date "2007.8.6"]
[Round "1"]
[White "PaulieSchultz"]
[Black "jamesc"]
[Result "0-1"]
[WhiteElo "1389"]
[BlackElo "1820"]

1. f4 d5 2. Nf3 Nf6 3. e3 g6 4. Be2 Bg7 5. O-O Nc6 6. d3 b6 7. Nc3 Bb7 8. Qe1
Nb4 9. Bd1 c5 10. Ne5 O-O 11. Bd2 Nd7 12. a3 Nxe5 13. axb4 Nc6 14. bxc5 bxc5 15.
Na4 Qd6 16. Qh4 Ba6 0-1

[Event "AUTO-OPEN-774"]
[Site "http://www.queenalice.com/game.php?id=251614"]
[Date "2007.8.6"]
[Round "1"]
[White "jamesc"]
[Black "PaulieSchultz"]
[Result "1-0"]
[WhiteElo "1818"]
[BlackElo "1389"]

1. e4 d6 2. d4 Nf6 3. Nc3 g6 4. Nf3 Bg4 5. h3 Bc8 6. Bc4 Bg7 7. b3 O-O 8. Bb2
Nxe4 9. Bxf7+ Rxf7 10. Nxe4 c5 11. O-O Nc6 12. c3 cxd4 13. Nxd4 Rf8 14. Ng5 Nxd4
15. cxd4 Qa5 16. Re1 1-0

[Event "AUTO-OPEN-774"]
[Site "http://www.queenalice.com/game.php?id=251615"]
[Date "2007.8.6"]
[Round "1"]
[White "PaulieSchultz"]
[Black "rohit_raj"]
[Result "0-1"]
[WhiteElo "1389"]
[BlackElo "1813"]

1. f4 d5 2. Nf3 Nf6 3. e3 c5 4. b3 Bg4 5. Bb2 Bxf3 6. Qxf3 Nc6 7. Bb5 Rc8 8. O-O
d4 9. c3 dxe3 10. Qxe3 e6 11. Na3 Bd6 12. Nc4 Nd5 13. Nxd6+ Qxd6 14. Qg3 Kf8 15.
c4 Nf6 16. Bxc6 Qxc6 17. Rae1 Rd8 18. f5 exf5 19. Rxf5 Qd6 20. Qxd6+ Rxd6 21.
Rxc5 Rd8 22. Rc7 Rb8 0-1

[Event "AUTO-OPEN-774"]
[Site "http://www.queenalice.com/game.php?id=251616"]
[Date "2007.8.6"]
[Round "1"]
[White "rohit_raj"]
[Black "PaulieSchultz"]
[Result "1-0"]
[WhiteElo "1811"]
[BlackElo "1389"]

1. d4 d6 2. c4 Nf6 3. Nc3 Nbd7 4. Nf3 e5 5. e4 c6 6. Be2 Be7 7. O-O O-O 8. Re1
Re8 9. d5 Qb6 10. Qc2 Ng4 11. Bf1 Nc5 12. h3 Nf6 13. Be3 Qc7 14. Bxc5 dxc5 15.
Rad1 Bd7 16. Kh1 Rab8 17. b3 Red8 18. a4 1-0

[Event "AUTO-OPEN-783"]
[Site "http://www.queenalice.com/game.php?id=254946"]
[Date "2007.8.13"]
[Round "1"]
[White "Chris93"]
[Black "PaulieSchultz"]
[Result "1-0"]
[WhiteElo "1826"]
[BlackElo "1389"]

1. e4 d6 2. d4 Nf6 3. Nc3 g6 4. Nf3 Bg7 5. Be2 O-O 6. O-O c6 7. a4 Nbd7 8. h3 d5
9. Bd3 e5 10. dxe5 Nxe4 11. Nxe4 1-0

[Event "AUTO-OPEN-783"]
[Site "http://www.queenalice.com/game.php?id=254947"]
[Date "2007.8.13"]
[Round "1"]
[White "PaulieSchultz"]
[Black "Chris93"]
[Result "0-1"]
[WhiteElo "1389"]
[BlackElo "1824"]

1. e4 e5 2. Nf3 Nc6 3. Bb5 a6 4. Ba4 Nf6 5. O-O Nxe4 6. d4 b5 7. Bb3 d5 8. dxe5
Be6 9. Nbd2 Nc5 10. c3 Be7 11. Re1 O-O 0-1

[Event "AUTO-OPEN-784"]
[Site "http://www.queenalice.com/game.php?id=255207"]
[Date "2007.8.13"]
[Round "1"]
[White "terry52"]
[Black "PaulieSchultz"]
[Result "1-0"]
[WhiteElo "2112"]
[BlackElo "1429"]

1. e4 d6 2. d4 Nf6 3. Nc3 g6 4. f4 Bg7 5. Nf3 O-O 6. Bd3 Nc6 7. O-O Nb4 8. Bc4
d5 9. a3 Nxe4 10. axb4 Nxc3 11. bxc3 dxc4 12. b5 Bd7 13. Rb1 c6 14. bxc6 1-0

[Event "AUTO-OPEN-784"]
[Site "http://www.queenalice.com/game.php?id=255208"]
[Date "2007.8.13"]
[Round "1"]
[White "PaulieSchultz"]
[Black "terry52"]
[Result "0-1"]
[WhiteElo "1429"]
[BlackElo "2111"]

1. e4 c5 2. Nf3 Nc6 3. d4 cxd4 4. Nxd4 Nf6 5. Nc3 e5 6. Ndb5 d6 7. Nd5 Nxd5 8.
exd5 Ne7 9. Be2 Ng6 10. O-O Be7 11. Be3 a6 12. Na3 O-O 13. Qd2 b5 0-1

[Event "AUTO-OPEN-784"]
[Site "http://www.queenalice.com/game.php?id=255233"]
[Date "2007.8.13"]
[Round "1"]
[White "PaulieSchultz"]
[Black "joacijc"]
[Result "0-1"]
[WhiteElo "1429"]
[BlackElo "1789"]

1. e4 e5 2. Nf3 Nc6 3. Bb5 d6 4. d4 a6 5. Bxc6+ bxc6 6. dxe5 Bg4 7. Nbd2 dxe5 8.
c3 Bd6 9. Nc4 f6 10. O-O Ne7 0-1

[Event "AUTO-OPEN-784"]
[Site "http://www.queenalice.com/game.php?id=255234"]
[Date "2007.8.13"]
[Round "1"]
[White "joacijc"]
[Black "PaulieSchultz"]
[Result "1-0"]
[WhiteElo "1792"]
[BlackElo "1424"]

1. e4 d6 2. Nc3 Nf6 3. Bc4 g6 4. d3 Bg7 5. Nf3 Nc6 6. a4 O-O 7. h3 Na5 8. Ba2 c5
9. Bd2 Rb8 10. Qc1 Nc6 11. Bh6 Qb6 12. Bxg7 Kxg7 13. Nd5 1-0

[Event "AUTO-OPEN-785"]
[Site "http://www.queenalice.com/game.php?id=255597"]
[Date "2007.8.14"]
[Round "1"]
[White "PaulieSchultz"]
[Black "michas"]
[Result "0-1"]
[WhiteElo "1420"]
[BlackElo "1807"]

1. e4 b6 2. d4 Bb7 3. Bd3 f5 4. exf5 Bxg2 5. Qh5+ g6 6. fxg6 Bg7 7. gxh7+ Kf8 8.
Nf3 Bxh1 9. Ne5 Qe8 10. hxg8=Q+ Rxg8 11. Ng6+ Kf7 0-1

[Event "AUTO-OPEN-785"]
[Site "http://www.queenalice.com/game.php?id=255598"]
[Date "2007.8.14"]
[Round "1"]
[White "michas"]
[Black "PaulieSchultz"]
[Result "1-0"]
[WhiteElo "1805"]
[BlackElo "1421"]

1. h4 Nf6 2. h5 h6 3. d4 e6 4. e3 Be7 5. c4 O-O 6. Nc3 c5 7. Nf3 cxd4 8. exd4 d5
9. Be3 Nc6 10. cxd5 exd5 11. Qb3 1-0